000 00258nam a22001097a 4500
082 _a808 PRO'K
100 _aSTREETER, ROBERT E,KEAST, WILLIAM R
_957935
245 _aTHE PROVINCE OF PROSE
260 _aNEWYORK
_bHARPER
_c1956
300 _a801P
942 _cBK
999 _c568175
_d568175